[Event "7.Open inter.Ch.of Vojvodina 2016"]
[Site "Novi Sad - Master Centar, Hajd"]
[Date "2016.07.19"]
[Round "7.12"]
[White "Jovic, Stevan"]
[Black "Cengija, Vanja"]
[Result "1-0"]
[WhiteElo "2143"]
[BlackElo "2252"]
[PlyCount "79"]
[EventDate "2016.07.15"]

1. d4 d5 2. Nf3 Nf6 3. Bg5 Nbd7 4. e3 g6 5. c4 dxc4 6. Bxc4 Bg7 7. Nc3 O-O 8.
O-O c6 9. e4 Nb6 10. Be2 a5 11. h3 Be6 12. b3 Nfd7 13. Qc2 f5 14. Be3 fxe4 15.
Ng5 Bf7 16. Nxf7 Rxf7 17. Bg4 Nf8 18. Nxe4 h6 19. Nc5 h5 20. Be6 Nxe6 21. Nxe6
Qd5 22. Nc7 Qd6 23. Nxa8 Nxa8 24. Rad1 Rf5 25. d5 cxd5 26. Qc8+ Rf8 27. Qxb7 d4
28. Bg5 Qc7 29. Qxc7 Nxc7 30. Bxe7 Re8 31. Bc5 Ne6 32. Rfe1 Kf7 33. Bd6 Rd8 34.
Be5 Bf8 35. Rd3 Rd5 36. Rf3+ Ke7 37. Bxd4 Rxd4 38. Rxf8 Kxf8 39. Rxe6 Kf7 40.
Ra6 1-0

[Event "7.Open inter.Ch.of Vojvodina 2016"]
[Site "Novi Sad - Master Centar, Hajd"]
[Date "2016.07.19"]
[Round "7.13"]
[White "Mamontova, Anastasia"]
[Black "Marholev, Dimitar"]
[Result "1/2-1/2"]
[WhiteElo "2084"]
[BlackElo "2244"]
[PlyCount "34"]
[EventDate "2016.07.15"]

1. e4 e5 2. Nf3 Nc6 3. Bc4 Be7 4. d4 exd4 5. Nxd4 Nf6 6. Nc3 O-O 7. O-O Nxe4 8.
Nxe4 d5 9. Nxc6 bxc6 10. Bd3 dxe4 11. Bxe4 Bd7 12. Qf3 Bd6 13. Bxc6 Bxc6 14.
Qxc6 Re8 15. Be3 Qf6 16. g3 Qxb2 17. a4 a6 1/2-1/2

[Event "7.Open inter.Ch.of Vojvodina 2016"]
[Site "Novi Sad - Master Centar, Hajd"]
[Date "2016.07.19"]
[Round "7.14"]
[White "Todorovic, Nenad I"]
[Black "Apontecastillo, Ernesto"]
[Result "1-0"]
[WhiteElo "2306"]
[BlackElo "2100"]
[PlyCount "41"]
[EventDate "2016.07.15"]

1. e4 Nf6 2. e5 Nd5 3. c4 Nb6 4. d4 d6 5. exd6 cxd6 6. Nc3 g6 7. Be3 Bg7 8. Rc1
O-O 9. b3 e5 10. dxe5 dxe5 11. Qxd8 Rxd8 12. c5 N6d7 13. Nf3 Nc6 14. Bc4 Na5
15. Be2 Nc6 16. Nb5 Nf8 17. Nd6 Ne6 18. O-O Bd7 19. Ng5 Nxg5 20. Bxg5 Rf8 21.
Rfd1 {unreadable} 1-0

[Event "7.Open inter.Ch.of Vojvodina 2016"]
[Site "Novi Sad - Master Centar, Hajd"]
[Date "2016.07.19"]
[Round "7.15"]
[White "Ilincic, Aleksa"]
[Black "Svicevic, Rastko"]
[Result "0-1"]
[WhiteElo "2168"]
[BlackElo "2270"]
[PlyCount "94"]
[EventDate "2016.07.15"]

1. e4 c5 2. Nf3 Nc6 3. Nc3 g6 4. d4 cxd4 5. Nxd4 Bg7 6. Be3 Nf6 7. Bc4 O-O 8.
Bb3 d6 9. f3 Na5 10. Qd2 Bd7 11. O-O-O Nxb3+ 12. axb3 Qa5 13. Kb1 Rfc8 14. g4
b5 15. g5 Ne8 16. h4 Rab8 17. h5 e6 18. hxg6 hxg6 19. Rh4 b4 20. Nce2 Rb6 21.
Rdh1 Ra6 22. c3 Qa2+ 23. Kc1 bxc3 24. Nxc3 Kf8 25. Kd1 Qa5 26. Ke2 Rb6 27. f4
e5 28. Kf3 exd4 29. Rh8+ Ke7 30. Bxd4 Bxh8 31. Rxh8 Rxb3 32. Kf2 Rbxc3 33. bxc3
Be6 34. Kg3 Qa2 35. Qe3 Kd7 36. Rh7 Kc6 37. Bxa7 Qb3 38. f5 gxf5 39. exf5 Bd5
40. Rh4 Ng7 41. Qd3 Qa2 42. Bf2 Rb8 43. Rd4 Nh5+ 44. Kg4 Qxf2 45. Qa6+ Kd7 46.
Qa7+ Rb7 47. Qa4+ Bc6 0-1

[Event "7.Open inter.Ch.of Vojvodina 2016"]
[Site "Novi Sad - Master Centar, Hajd"]
[Date "2016.07.19"]
[Round "7.16"]
[White "Pastar, Slaven"]
[Black "Aleksic, Neven"]
[Result "0-1"]
[WhiteElo "2244"]
[BlackElo "2161"]
[PlyCount "160"]
[EventDate "2016.07.15"]

1. b3 e5 2. Bb2 Nc6 3. e3 Nf6 4. Bb5 d6 5. d4 exd4 6. exd4 d5 7. Nf3 Bb4+ 8. c3
Bd6 9. O-O O-O 10. c4 Bg4 11. Bxc6 bxc6 12. Qd3 Bxf3 13. Qxf3 Ne4 14. Re1 Qg5
15. Nc3 Qh6 16. h3 Bb4 17. Rxe4 dxe4 18. Nxe4 f5 19. Ng3 Qd2 20. Rb1 Qc2 21.
Qd1 Qxd1+ 22. Rxd1 Rae8 23. Kf1 f4 24. Ne2 f3 25. Nc1 fxg2+ 26. Kxg2 Re1 27.
Rxe1 Bxe1 28. Nd3 Bd2 29. Ne5 Rf6 30. d5 cxd5 31. cxd5 Rd6 32. Nc6 Kf7 33. Ne5+
Kg8 34. Nc6 Kf7 35. Ne5+ Ke8 36. Nf3 Bh6 37. Be5 Rd7 38. Nh4 Kd8 39. Nf5 Rxd5
40. Nxh6 gxh6 41. Bf4 h5 42. Kf3 Kd7 43. Be3 a6 44. h4 Ke6 45. b4 Kf5 46. a4
Rd3 47. Ke2 Rb3 48. Bc5 Ke4 49. Kd2 Rh3 50. Be7 Ra3 51. a5 Ra2+ 52. Kc3 c6 53.
Bc5 Kd5 54. Kd3 Ra3+ 55. Ke2 Ke4 56. Kd2 Kf3 57. Be3 Kg4 58. Bg5 h6 59. Be7 Kf4
60. Bd6+ Ke4 61. Bc5 Rf3 62. Ke2 Rf4 63. Be7 Rf3 64. Bd6 Rf6 65. Bc5 Rf3 66.
Bd6 Rd3 67. Bc5 Ra3 68. Kd2 Kf3 69. Bd4 Kg4 70. Bf6 Rf3 71. Be7 Rxf2+ 72. Kd3
Rf5 73. Ke4 Rf7 74. Bc5 Kxh4 75. Ke5 Kg3 76. Kd6 Rf6+ 77. Kc7 h4 78. Kb6 h3 79.
Bg1 Kg4 80. Bh2 Rf2 0-1

[Event "7.Open inter.Ch.of Vojvodina 2016"]
[Site "Novi Sad - Master Centar, Hajd"]
[Date "2016.07.19"]
[Round "7.17"]
[White "Lundin, Jan"]
[Black "Manojlovic, Sava"]
[Result "1-0"]
[WhiteElo "2237"]
[BlackElo "2097"]
[PlyCount "36"]
[EventDate "2016.07.15"]

1. e4 c5 2. Nc3 Nc6 3. Bb5 d6 4. Bxc6+ bxc6 5. f4 Nf6 6. d3 e6 7. Nh3 d5 8. O-O
Be7 9. Qf3 Rb8 10. Kh1 O-O 11. g4 dxe4 12. dxe4 e5 13. f5 Ne8 14. b3 f6 15. Ne2
c4 16. Be3 Qa5 17. Rfd1 h6 18. Nf2 Nd6 {unreadable} 1-0

[Event "7.Open inter.Ch.of Vojvodina 2016"]
[Site "Novi Sad - Master Centar, Hajd"]
[Date "2016.07.19"]
[Round "7.18"]
[White "Scripcaru, George-Daniel"]
[Black "Matovic, Mihajlo Z"]
[Result "1-0"]
[WhiteElo "2160"]
[BlackElo "2236"]
[PlyCount "69"]
[EventDate "2016.07.15"]

1. d4 Nf6 2. c4 g6 3. Nc3 Bg7 4. e4 d6 5. f3 O-O 6. Be3 Nc6 7. Qd2 a6 8. Nge2
Rb8 9. g4 b5 10. h4 h5 11. O-O-O hxg4 12. Bh6 e5 13. d5 b4 14. dxc6 gxf3 15.
Bg5 fxe2 16. Nxe2 Nxe4 17. Bxd8 Nxd2 18. Bxc7 Nxf1 19. Rhxf1 Ra8 20. Bxd6 Re8
21. Ng3 Bg4 22. Rde1 f5 23. h5 f4 24. Ne4 gxh5 25. c7 Re6 26. c5 Rc8 27. Kc2
Bf5 28. Kb3 a5 29. Ka4 Rg6 30. Kxa5 Bf8 31. Kb6 Bxe4 32. Rxe4 Rxd6+ 33. cxd6
Bxd6 34. Rc4 h4 35. Rh1 {unreadable} 1-0

[Event "7.Open inter.Ch.of Vojvodina 2016"]
[Site "Novi Sad - Master Centar, Hajd"]
[Date "2016.07.19"]
[Round "7.19"]
[White "Titov, Ivan"]
[Black "Beslin, Igor"]
[Result "1-0"]
[WhiteElo "2218"]
[BlackElo "2061"]
[PlyCount "111"]
[EventDate "2016.07.15"]

1. e4 c5 2. d4 cxd4 3. c3 dxc3 4. Nxc3 e6 5. Nf3 Nc6 6. Bc4 d6 7. O-O Nf6 8.
Qe2 Be7 9. Rd1 O-O 10. e5 Nd5 11. exd6 Bxd6 12. Nxd5 exd5 13. Bxd5 Qe7 14. Qd3
Ne5 15. Nxe5 Bxe5 16. Qe4 Qf6 17. Be3 Bf5 18. Qb4 Bxb2 19. Bd4 Bxd4 20. Rxd4 a5
21. Qd2 Rab8 22. Rd1 b6 23. Bb3 Be6 24. Rd6 Rfe8 25. h3 g6 26. Qd3 Qf5 27. Bxe6
Rxe6 28. Qd4 Qc5 29. Rxe6 Qxd4 30. Rxg6+ fxg6 31. Rxd4 b5 32. Rd7 Rc8 33. Rd5
Rc1+ 34. Kh2 Rc2 35. Rxb5 Rxa2 36. Kg3 a4 37. Rb7 a3 38. Ra7 Ra1 39. Kh4 a2 40.
g3 h6 41. Kg4 Kf8 42. h4 Kg8 43. h5 gxh5+ 44. Kf5 h4 45. gxh4 Rh1 46. Rxa2 Rxh4
47. f4 Kf7 48. Ra7+ Ke8 49. Ke6 Kf8 50. f5 Rh1 51. Ra8+ Kg7 52. f6+ Kg6 53.
Rg8+ Kh7 54. f7 Re1+ 55. Kd5 Rf1 56. f8=Q 1-0

[Event "7.Open inter.Ch.of Vojvodina 2016"]
[Site "Novi Sad - Master Centar, Hajd"]
[Date "2016.07.19"]
[Round "7.20"]
[White "Ujhazi, Ivan"]
[Black "Kostic, Marko"]
[Result "0-1"]
[WhiteElo "2212"]
[BlackElo "2016"]
[PlyCount "86"]
[EventDate "2016.07.15"]

1. e4 e5 2. Nc3 Bc5 3. g3 Nc6 4. Bg2 d6 5. Nge2 a6 6. O-O Bg4 7. h3 Bh5 8. d3
Nd4 9. g4 Bg6 10. Nxd4 Bxd4 11. Ne2 Ba7 12. Ng3 Qd7 13. c3 f6 14. d4 O-O-O 15.
Be3 Bf7 16. Qe2 Kb8 17. d5 Bxe3 18. Qxe3 h5 19. f3 hxg4 20. fxg4 Ne7 21. Rf2
Ng6 22. Ne2 Nh4 23. Bf1 Rh6 24. c4 Rdh8 25. b4 c6 26. a4 cxd5 27. cxd5 Rc8 28.
Ng3 Qc7 29. Ne2 Qd7 30. b5 axb5 31. axb5 Qxb5 32. Qa7+ Kc7 33. Rc1+ Kd8 34.
Rxc8+ Kxc8 35. Qa8+ Kc7 36. Nc3 Qb6 37. Nb5+ Kd7 38. Be2 Ng6 39. Na7 Rh8 40.
Nc8 Rxc8 41. Qa4+ Ke7 42. Bd1 Nf4 43. Kf1 Be8 0-1

[Event "7.Open inter.Ch.of Vojvodina 2016"]
[Site "Novi Sad - Master Centar, Hajd"]
[Date "2016.07.20"]
[Round "8.1"]
[White "Dobrov, Vladimir"]
[Black "Kovacevic, Aleksandar"]
[Result "1/2-1/2"]
[WhiteElo "2505"]
[BlackElo "2515"]
[PlyCount "98"]
[EventDate "2016.07.15"]

1. d4 Nf6 2. c4 e6 3. Nf3 b6 4. Nc3 Bb7 5. a3 d5 6. cxd5 Nxd5 7. Qa4+ Nd7 8.
Nxd5 Bxd5 9. Bg5 Be7 10. Bxe7 Qxe7 11. e3 O-O 12. Bb5 Nb8 13. Rc1 a6 14. Bd3
Rc8 15. Qc2 h6 16. Ne5 c5 17. Bh7+ Kh8 18. Bg6 f6 19. Nd3 Nd7 20. Nf4 Nf8 21.
Nxd5 exd5 22. Bf5 Rc6 23. O-O Ne6 24. dxc5 bxc5 25. Rfd1 Rd8 26. Qa4 Rdd6 27.
Bb1 Qb7 28. Rxd5 Rxd5 29. Qe4 Nf8 30. Qxd5 Qxb2 31. Rd1 Rc8 32. Ba2 Nh7 33. h4
c4 34. Bxc4 Qxa3 35. Qe6 Rb8 36. g3 a5 37. Kg2 Qf8 38. Rd7 a4 39. Qf5 Qc8 40.
Qd5 a3 41. Ra7 f5 42. Qf7 Qf8 43. Qxf8+ Rxf8 44. Rxa3 Nf6 45. Ra6 h5 46. Bd3 g6
47. Bc4 Kg7 48. Rd6 Rb8 49. f3 Re8 1/2-1/2

[Event "7.Open inter.Ch.of Vojvodina 2016"]
[Site "Novi Sad - Master Centar, Hajd"]
[Date "2016.07.20"]
[Round "8.3"]
[White "Sredojevic, Ivan"]
[Black "Atalik, Suat"]
[Result "0-1"]
[WhiteElo "2342"]
[BlackElo "2564"]
[PlyCount "96"]
[EventDate "2016.07.15"]

1. e4 c5 2. Nf3 Nc6 3. d4 cxd4 4. Nxd4 Nf6 5. Nc3 e5 6. Ndb5 d6 7. Bg5 a6 8.
Na3 b5 9. Nd5 Be7 10. Bxf6 Bxf6 11. c3 Bg5 12. Nc2 Rb8 13. a4 bxa4 14. Ncb4
Nxb4 15. cxb4 O-O 16. Qxa4 Bb7 17. Bc4 Qc8 18. Be2 Bxd5 19. exd5 Qb7 20. Bc4
Qxb4+ 21. Qxb4 Rxb4 22. b3 Ra8 23. Ke2 a5 24. Ra3 Bd8 25. Rha1 Rab8 26. Kd3 f5
27. f3 R4b7 28. Re1 g6 29. Re2 Kg7 30. Rea2 Kf6 31. Ra1 Re7 32. Re1 Bb6 33. Ra4
Bc5 34. Raa1 Bb4 35. Re2 Rbe8 36. Bb5 e4+ 37. fxe4 fxe4+ 38. Kd4 Rb8 39. Rf1+
Kg7 40. Bc4 e3 41. Kd3 Bd2 42. g3 Rb4 43. Ra1 Rc7 44. Ra2 h5 45. Rg2 Kf6 46.
Rc2 Ke5 47. Re2 Rcxc4 48. Rcxd2 Re4 0-1

[Event "7.Open inter.Ch.of Vojvodina 2016"]
[Site "Novi Sad - Master Centar, Hajd"]
[Date "2016.07.20"]
[Round "8.4"]
[White "Markovic, Miroslav"]
[Black "Kumic, Filip"]
[Result "0-1"]
[WhiteElo "2469"]
[BlackElo "2312"]
[PlyCount "114"]
[EventDate "2016.07.15"]

1. e4 c5 2. c3 d6 3. d4 Nf6 4. dxc5 Nc6 5. Qc2 dxc5 6. Na3 g6 7. Bf4 Bg7 8. Rd1
Bd7 9. Nf3 O-O 10. Be2 Nh5 11. Be3 b6 12. O-O Qc7 13. h3 Rad8 14. Qc1 Nf6 15.
Bf4 Qb7 16. e5 Ne8 17. Rfe1 Nc7 18. Nc4 Be6 19. Rxd8 Rxd8 20. a4 Qa6 21. b3 Qb7
22. Bh6 Na5 23. Qg5 Bxc4 24. bxc4 Ne6 25. Qh4 Bxh6 26. Qxh6 Qe4 27. Bf1 Qf4 28.
Qxf4 Nxf4 29. g3 Ne6 30. h4 h6 31. Kg2 Kg7 32. Kh3 Rd7 33. Kg4 Rd8 34. h5 g5
35. Kf5 Kf8 36. Ke4 Ng7 37. Be2 f5+ 38. Ke3 Nc6 39. Rh1 Kf7 40. Bd3 e6 41. a5
g4 42. Ne1 Nxe5 43. axb6 axb6 44. Be2 Ra8 45. Nc2 Ne8 46. f4 gxf3 47. Bxf3 Ra2
48. Bd1 Nxc4+ 49. Kf4 Nc7 50. g4 Nd5+ 51. Kg3 Nxc3 52. Nb4 cxb4 53. Bb3 b5 54.
gxf5 Ra3 55. fxe6+ Kxe6 56. Bc2 b3 57. Re1+ Kd5 0-1

[Event "7.Open inter.Ch.of Vojvodina 2016"]
[Site "Novi Sad - Master Centar, Hajd"]
[Date "2016.07.20"]
[Round "8.5"]
[White "Pikula, Dejan"]
[Black "Jovic, Stevan"]
[Result "1-0"]
[WhiteElo "2434"]
[BlackElo "2143"]
[PlyCount "50"]
[EventDate "2016.07.15"]

1. e4 c6 2. d3 d5 3. Qe2 dxe4 4. dxe4 e5 5. Nf3 Nf6 6. c3 Bg4 7. h3 Bxf3 8.
Qxf3 Nbd7 9. a4 g6 10. Bc4 Bg7 11. Be3 O-O 12. Nd2 Qe7 13. a5 b5 14. axb6 axb6
15. O-O b5 16. Bb3 Nc5 17. Bc2 Nfd7 18. b4 Ne6 19. Bb3 Kh8 20. Rfd1 f5 21. Rxa8
Rxa8 22. exf5 gxf5 23. Qxf5 Ndf8 24. Ne4 Ra3 25. Bxe6 Nxe6 1-0

[Event "7.Open inter.Ch.of Vojvodina 2016"]
[Site "Novi Sad - Master Centar, Hajd"]
[Date "2016.07.20"]
[Round "8.6"]
[White "Dimitrov, Vladimir"]
[Black "Adamov, Ivan"]
[Result "1-0"]
[WhiteElo "2413"]
[BlackElo "2086"]
[PlyCount "75"]
[EventDate "2016.07.15"]

1. d4 Nf6 2. c4 g6 3. Nc3 Bg7 4. e4 d6 5. h3 O-O 6. Be3 e5 7. d5 a5 8. c5 Na6
9. cxd6 cxd6 10. Nf3 Nc5 11. Nd2 Ne8 12. h4 f5 13. h5 Nxe4 14. Ndxe4 fxe4 15.
hxg6 Nf6 16. gxh7+ Kh8 17. Be2 Bd7 18. g4 Qc8 19. Rh4 b5 20. g5 b4 21. Nxe4
Nxe4 22. Rxe4 Qb7 23. Rc1 Rac8 24. Rxc8 Rxc8 25. Bg4 Bxg4 26. Rxg4 Qd7 27. b3
Rc3 28. Kf1 Qb5+ 29. Kg1 Rd3 30. Qc2 Rc3 31. Qg6 Qd7 32. Qe6 Qxe6 33. dxe6 Kxh7
34. e7 Rc8 35. g6+ Kg8 36. Rc4 Re8 37. Bg5 Bh8 38. Rc6 1-0

[Event "7.Open inter.Ch.of Vojvodina 2016"]
[Site "Novi Sad - Master Centar, Hajd"]
[Date "2016.07.20"]
[Round "8.7"]
[White "Besedes, Danilo"]
[Black "Minko, Vladimir"]
[Result "0-1"]
[WhiteElo "2306"]
[BlackElo "2379"]
[PlyCount "78"]
[EventDate "2016.07.15"]

1. d4 Nf6 2. Nf3 e6 3. c4 Bb4+ 4. Nbd2 O-O 5. a3 Be7 6. e4 d6 7. Bd3 c5 8. O-O
e5 9. d5 Nbd7 10. b4 a5 11. b5 Nh5 12. g3 g6 13. Ne1 Ng7 14. Ng2 f5 15. exf5
Nxf5 16. Bb2 Nf6 17. Ne4 Nxe4 18. Bxe4 Nd4 19. Qd3 Bf6 20. a4 Bh3 21. Rae1 Qd7
22. Bc1 Bg7 23. f3 Rf7 24. Rf2 Raf8 25. Nh4 Bf5 26. Ref1 Qe7 27. Bd2 Qf6 28.
Be3 Bh3 29. Ng2 Nf5 30. Bd2 Bh6 31. Bxh6 Nxh6 32. Qd2 Nf5 33. Qxa5 Bxg2 34.
Rxg2 Ne3 35. Ra1 Nxg2 36. Kxg2 h5 37. Qb6 g5 38. a5 g4 39. Rf1 Qh6 0-1

[Event "7.Open inter.Ch.of Vojvodina 2016"]
[Site "Novi Sad - Master Centar, Hajd"]
[Date "2016.07.20"]
[Round "8.8"]
[White "Chekletsov, Ilya"]
[Black "Rogac, Srdjan"]
[Result "1/2-1/2"]
[WhiteElo "2223"]
[BlackElo "2408"]
[PlyCount "103"]
[EventDate "2016.07.15"]

1. d4 Nf6 2. c4 e6 3. Nf3 Bb4+ 4. Bd2 c5 5. Bxb4 cxb4 6. Qd3 O-O 7. e4 d6 8.
Nbd2 Nfd7 9. Be2 a5 10. O-O e5 11. Rfd1 Nc6 12. Nf1 Nxd4 13. Nxd4 Nc5 14. Qe3
exd4 15. Qxd4 Qe7 16. Bf3 Ra6 17. Ne3 Qe5 18. Nd5 f6 19. Rab1 Rf7 20. Qe3 Be6
21. Rd2 Rc6 22. g3 f5 23. Re1 fxe4 24. Bxe4 Nxe4 25. Qxe4 Qxe4 26. Rxe4 Bxd5
27. Rxd5 b6 28. b3 Kf8 29. Re6 Re7 30. Rxe7 Kxe7 31. Kg2 Rc5 32. Rxc5 bxc5 33.
Kf3 d5 34. cxd5 c4 35. Ke3 c3 36. Kd3 Kd6 37. Ke3 Kxd5 38. Kd3 Ke5 39. Ke3 Kf5
40. f3 h5 41. Kd3 h4 42. Ke3 hxg3 43. hxg3 Ke5 44. Kd3 Kd5 45. Ke3 c2 46. Kd2
Kd4 47. Kxc2 Ke3 48. f4 g6 49. Kd1 Kf3 50. Kd2 Kxg3 51. Ke3 Kg2 52. Ke2 1/2-1/2

[Event "7.Open inter.Ch.of Vojvodina 2016"]
[Site "Novi Sad - Master Centar, Hajd"]
[Date "2016.07.20"]
[Round "8.9"]
[White "Dronjic, Sinisa"]
[Black "Leskur, Dejan"]
[Result "1/2-1/2"]
[WhiteElo "2194"]
[BlackElo "2392"]
[PlyCount "80"]
[EventDate "2016.07.15"]

1. Nf3 c5 2. c4 g6 3. Nc3 Bg7 4. g3 Nc6 5. Bg2 d6 6. O-O Nh6 7. d3 Nf5 8. Bd2
O-O 9. a3 Qd7 10. Rb1 b6 11. Qa4 Bb7 12. Rfe1 Rfd8 13. b4 h6 14. Ne4 Rdc8 15.
Bh3 h5 16. Nh4 Rf8 17. Bc3 Bxc3 18. Nxc3 e6 19. Nxf5 gxf5 20. Bg2 Qc7 21. e4
fxe4 22. Nxe4 Qe7 23. Nxc5 dxc5 24. Bxc6 Bxc6 25. Qxc6 Rad8 26. Qf3 Qg5 27.
bxc5 bxc5 28. Rb5 Rd4 29. Re4 Rfd8 30. Qe3 Qxe3 31. Rxe3 Rxd3 32. Rxc5 Rxe3 33.
fxe3 Rd3 34. Rg5+ Kf8 35. Rxh5 Rxa3 36. Kf2 Rc3 37. Ra5 Rxc4 38. Rxa7 Rc2+ 39.
Kg1 Rc1+ 40. Kf2 Rc2+ 1/2-1/2

[Event "7.Open inter.Ch.of Vojvodina 2016"]
[Site "Novi Sad - Master Centar, Hajd"]
[Date "2016.07.20"]
[Round "8.10"]
[White "Aleksic, Neven"]
[Black "Blazeka, Matej"]
[Result "0-1"]
[WhiteElo "2161"]
[BlackElo "2328"]
[PlyCount "70"]
[EventDate "2016.07.15"]

1. d4 Nf6 2. c4 c5 3. d5 e6 4. Nc3 exd5 5. cxd5 d6 6. Bf4 a6 7. a4 g6 8. h3 Bg7
9. e3 O-O 10. Nf3 Qe7 11. Be2 Bf5 12. Nd2 Nbd7 13. Nc4 Ne5 14. Nxe5 dxe5 15.
Bg5 h6 16. Bxf6 Qxf6 17. e4 Bd7 18. Bg4 Bxg4 19. Qxg4 b6 20. O-O Qd6 21. Qe2 h5
22. Rad1 Rfc8 23. b3 c4 24. bxc4 Qb4 25. Rd3 Rxc4 26. Qe3 Rd4 27. d6 Qxd6 28.
Nd5 Rb8 29. Rb1 Rxa4 30. Nxb6 Rd4 31. Rdb3 Rd1+ 32. Kh2 Rxb1 33. Rxb1 Qd4 34.
Rb3 Qxe3 35. fxe3 Bf8 0-1

[Event "7.Open inter.Ch.of Vojvodina 2016"]
[Site "Novi Sad - Master Centar, Hajd"]
[Date "2016.07.20"]
[Round "8.11"]
[White "Pucarevic, Milenko"]
[Black "Todorovic, Nenad I"]
[Result "0-1"]
[WhiteElo "2173"]
[BlackElo "2306"]
[PlyCount "102"]
[EventDate "2016.07.15"]

1. d4 Nf6 2. Nf3 e6 3. Bg5 c5 4. e3 b6 5. Nbd2 cxd4 6. exd4 Bb7 7. Bd3 Be7 8.
Nc4 d6 9. Qe2 O-O 10. a4 a6 11. O-O Nbd7 12. h3 Qc7 13. Rfe1 Rfe8 14. Bf4 Nd5
15. Bh2 Nb4 16. c3 Nxd3 17. Qxd3 Bxf3 18. gxf3 Nf6 19. Ne3 Qb7 20. Nc2 Nd5 21.
Re4 b5 22. a5 Rac8 23. Kh1 Bf8 24. Rg1 Qc7 25. Ne3 Nxe3 26. Rxe3 Qxa5 27. f4
Qa2 28. Re2 Qd5+ 29. f3 a5 30. Ra1 b4 31. Bg1 Rc4 32. Rxa5 Rxc3 33. bxc3 Qxa5
34. cxb4 Qxb4 35. f5 e5 36. dxe5 dxe5 37. Re4 Qb7 38. Qc4 Qd7 39. Bh2 Qxf5 40.
Kg2 Qg5+ 41. Bg3 Bd6 42. f4 Qg6 43. fxe5 Bb8 44. Kh2 h6 45. Qe2 Qe6 46. Qe3 f5
47. Ra4 Bxe5 48. Ra5 f4 49. Bxf4 Bxf4+ 50. Qxf4 Qe2+ 51. Kg3 Qe1+ 0-1

[Event "7.Open inter.Ch.of Vojvodina 2016"]
[Site "Novi Sad - Master Centar, Hajd"]
[Date "2016.07.20"]
[Round "8.12"]
[White "Marholev, Dimitar"]
[Black "Scripcaru, George-Daniel"]
[Result "1-0"]
[WhiteElo "2244"]
[BlackElo "2160"]
[PlyCount "55"]
[EventDate "2016.07.15"]

1. e4 e5 2. Nf3 Nc6 3. Bc4 Nf6 4. d3 Be7 5. O-O O-O 6. a4 d6 7. a5 a6 8. c3 Bg4
9. Nbd2 Rb8 10. h3 Bh5 11. Re1 d5 12. Bb3 d4 13. Nf1 Nd7 14. g4 Bg6 15. Ng3 Nc5
16. Bd5 Bd6 17. h4 h6 18. h5 Bh7 19. g5 hxg5 20. Nxg5 Ne7 21. Ba2 Qd7 22. cxd4
exd4 23. e5 Bxe5 24. Rxe5 Nxd3 25. Rxe7 Qxe7 26. Nxh7 Nxf2 27. Kxf2 Kxh7 28.
Qxd4 1-0

[Event "7.Open inter.Ch.of Vojvodina 2016"]
[Site "Novi Sad - Master Centar, Hajd"]
[Date "2016.07.20"]
[Round "8.13"]
[White "Lundin, Jan"]
[Black "Gajcin, Marina"]
[Result "1-0"]
[WhiteElo "2237"]
[BlackElo "2152"]
[PlyCount "81"]
[EventDate "2016.07.15"]

1. d4 Nf6 2. Bg5 d5 3. Bxf6 exf6 4. e3 Bd6 5. c4 dxc4 6. Bxc4 O-O 7. Nc3 Nd7 8.
Nf3 f5 9. Qc2 Nf6 10. O-O-O c6 11. Ne5 Qc7 12. f4 b5 13. Bd3 g6 14. h3 b4 15.
Na4 Nd5 16. Qf2 Bxe5 17. fxe5 Qa5 18. b3 Nb6 19. Nc5 Nd5 20. Rd2 Nc3 21. Rc2
Qd8 22. a4 Be6 23. g4 Bxb3 24. Rxc3 bxc3 25. gxf5 Bd5 26. e4 Qg5+ 27. Kc2 Rab8
28. Kxc3 Qd8 29. exd5 Qa5+ 30. Kc2 Qb4 31. Kd1 Qa3 32. Re1 Qxa4+ 33. Ke2 Rb2+
34. Ke3 Qa2 35. Qh4 Rh2 36. Ne4 f6 37. fxg6 hxg6 38. Rg1 Rg2 39. Rxg2 Qxg2 40.
Nxf6+ Rxf6 41. Qxf6 1-0

[Event "7.Open inter.Ch.of Vojvodina 2016"]
[Site "Novi Sad - Master Centar, Hajd"]
[Date "2016.07.20"]
[Round "8.14"]
[White "Paramzina, Anastasya"]
[Black "Titov, Ivan"]
[Result "1-0"]
[WhiteElo "2140"]
[BlackElo "2218"]
[PlyCount "165"]
[EventDate "2016.07.15"]

1. e4 b6 2. d4 e6 3. Nc3 Bb4 4. Bd3 d5 5. Qe2 Bb7 6. Bd2 Bxc3 7. Bxc3 Nf6 8. e5
Ne4 9. Bxe4 dxe4 10. O-O-O Qd5 11. Kb1 Nc6 12. Nh3 Ne7 13. Qg4 Ng6 14. Rhe1 h6
15. Ng1 O-O-O 16. h4 h5 17. Qg5 Qc4 18. Ne2 Rd7 19. b3 Qc6 20. Bb2 Rhd8 21. Ng3
Ne7 22. Nxe4 Nf5 23. c3 a5 24. g3 a4 25. Qxh5 axb3 26. axb3 Qb5 27. Kc2 Bd5 28.
Nd2 Qc6 29. Kb1 b5 30. Qe2 Qb6 31. h5 b4 32. c4 Bb7 33. c5 Qa7 34. Ne4 Qa8 35.
f3 Qa5 36. Qf2 Bd5 37. Nd2 Qb5 38. g4 Ne7 39. Qe2 Qb7 40. Kc2 Bc6 41. Ne4 Bb5
42. Qf2 Nc6 43. g5 Qa6 44. Rd2 Nxe5 45. Ra1 Bd3+ 46. Kc1 Qc6 47. Qe3 Bb5 48.
dxe5 Rd3 49. Qf2 R8d5 50. h6 gxh6 51. gxh6 Rxd2 52. Nxd2 Rxc5+ 53. Kd1 Bd3 54.
Qd4 Rd5 55. Rc1 Qb5 56. Qf4 Qb6 57. Qh2 Qe3 58. Rc4 Bg6 59. Qe2 Qxb3+ 60. Kc1
Qa2 61. Ne4 Qa7 62. Qf2 Qa4 63. Qc2 Qa7 64. Qf2 Qa6 65. Rxb4 Qc6+ 66. Qc2 Qa6
67. Rc4 Qa5 68. Bc3 Qb6 69. Qf2 Qb3 70. Qe2 f5 71. exf6 Rh5 72. Rb4 Rh1+ 73.
Kd2 Qa2+ 74. Ke3 Qa7+ 75. Kf4 Rh5 76. Nd6+ Kd7 77. Nb5 Rf5+ 78. Kg3 Qg1+ 79.
Qg2 Qb6 80. Rg4 Bh5 81. Rg7+ Kc6 82. Nd4+ Kd5 83. Nxf5 1-0

[Event "7.Open inter.Ch.of Vojvodina 2016"]
[Site "Novi Sad - Master Centar, Hajd"]
[Date "2016.07.20"]
[Round "8.15"]
[White "Mamontova, Anastasia"]
[Black "Omorjan, Dejan"]
[Result "0-1"]
[WhiteElo "2084"]
[BlackElo "2201"]
[PlyCount "56"]
[EventDate "2016.07.15"]

1. d4 Nf6 2. c4 g6 3. Nc3 Bg7 4. e4 d6 5. Nge2 O-O 6. Ng3 a6 7. Be2 c5 8. d5 b5
9. cxb5 Nbd7 10. O-O axb5 11. Bxb5 Ba6 12. a4 Bxb5 13. Nxb5 h5 14. Qc2 Qb6 15.
Ne2 Rfc8 16. h3 Qb7 17. Nec3 c4 18. Be3 Nc5 19. Rfb1 Nfd7 20. Ra3 Nb3 21. f3
Ndc5 22. Qf2 Qd7 23. Nd4 Nd3 24. Qf1 Nxd4 25. Bxd4 Bxd4+ 26. Kh2 Be5+ 27. g3 h4
28. Ne2 hxg3+ 0-1

[Event "7.Open inter.Ch.of Vojvodina 2016"]
[Site "Novi Sad - Master Centar, Hajd"]
[Date "2016.07.20"]
[Round "8.16"]
[White "Cengija, Vanja"]
[Black "Kostic, Marko"]
[Result "1-0"]
[WhiteElo "2252"]
[BlackElo "2016"]
[PlyCount "75"]
[EventDate "2016.07.15"]

1. Nf3 Nf6 2. c4 g6 3. Nc3 Bg7 4. d4 O-O 5. Bg5 h6 6. Bh4 d6 7. e3 Nbd7 8. Nd2
a5 9. Be2 b6 10. Bf3 Rb8 11. a3 c5 12. d5 Ne5 13. Be2 Bb7 14. f4 Ned7 15. O-O
Ne8 16. e4 Nc7 17. e5 dxe5 18. d6 f6 19. dxc7 Qxc7 20. Nb5 Qc6 21. Bf3 Qe6 22.
Bxb7 Rxb7 23. Qf3 Rfb8 24. Bg3 f5 25. fxe5 Nxe5 26. Qe2 Rd8 27. Rad1 Qf6 28.
Ne4 Qf8 29. Rxd8 Qxd8 30. Nxc5 bxc5 31. Bxe5 Rd7 32. Bxg7 Kxg7 33. Qe5+ Kf7 34.
Nc3 e6 35. Re1 Qb6 36. Nd5 exd5 37. Qe8+ Kf6 38. Qxd7 1-0

[Event "7.Open inter.Ch.of Vojvodina 2016"]
[Site "Novi Sad - Master Centar, Hajd"]
[Date "2016.07.20"]
[Round "8.17"]
[White "Petrusic, Velimir"]
[Black "Fang, Yuxiang"]
[Result "0-1"]
[WhiteElo "2172"]
[BlackElo "2494"]
[PlyCount "48"]
[EventDate "2016.07.15"]

1. d4 d5 2. Bf4 c5 3. e4 e6 4. exd5 exd5 5. Nc3 Nf6 6. Nb5 Na6 7. Be2 c4 8. a4
Be7 9. Nf3 O-O 10. Ne5 Nb4 11. O-O Bf5 12. c3 Nc6 13. g4 Bd7 14. Bf3 a6 15. Na3
Be6 16. Nb1 Qb6 17. Qc2 Nxe5 18. dxe5 Nxg4 19. Kh1 Bh4 20. Bg3 Bxg3 21. Bxg4
Bxe5 22. Rg1 Rae8 23. Nd2 Qxf2 24. Raf1 Qxh2# 0-1